At Ellis island : (Record no. 5801)

MARC details
000 -LEADER
fixed length control field 01055nam a22002537a 4500
001 - CONTROL NUMBER
control field 5801
003 - CONTROL NUMBER IDENTIFIER
control field FISKH
005 - DATE AND TIME OF LATEST TRANSACTION
control field 20250815161812.0
008 - FIXED-LENGTH DATA ELEMENTS--GENERAL INFORMATION
fixed length control field 250122b cb ||||| |||| 00| 0 eng d
020 ## - INTERNATIONAL STANDARD BOOK NUMBER
International Standard Book Number 9780545133753
040 ## - CATALOGING SOURCE
Original cataloging agency FISKH
Language of cataloging eng
Transcribing agency FISKH
Modifying agency FISKH
050 ## - LIBRARY OF CONGRESS CALL NUMBER
Classification number PZ7.P31173
082 ## - DEWEY DECIMAL CLASSIFICATION NUMBER
Classification number 304.8
100 ## - MAIN ENTRY--PERSONAL NAME
Personal name Peacock, Louise
245 ## - TITLE STATEMENT
Title At Ellis island :
Remainder of title A history in many voices /
Statement of responsibility, etc. by Louise Peacock : Illustrated by Walter Lyon Krudop
250 ## - EDITION STATEMENT
Edition statement First Scholastic printing, November 2008
260 ## - PUBLICATION, DISTRIBUTION, ETC.
Place of publication, distribution, etc. New York :
Name of publisher, distributor, etc. Scholastic ,
Date of publication, distribution, etc. 2007.
300 ## - PHYSICAL DESCRIPTION
Extent 44 pages :
Other physical details color illustrations ;
Dimensions 26 cm .
520 ## - SUMMARY, ETC.
Summary, etc. The experiences of people coming to the United States from many different lands are conveyed in the words of a contemporary young girl visiting Ellis Island and of a girl who immigrated in about 1910, as well as by quotes from early twentieth century immigrants and Ellis Island officials.
650 ## - SUBJECT ADDED ENTRY--TOPICAL TERM
Topical term or geographic name entry element immigration
Form subdivision non-fiction
700 ## - ADDED ENTRY--PERSONAL NAME
Personal name Krudop, Walter Lyon
Relator term illustrator
942 ## - ADDED ENTRY ELEMENTS (KOHA)
Source of classification or shelving scheme Dewey Decimal Classification
Koha item type Books
Suppress in OPAC No
Holdings
Withdrawn status Lost status Source of classification or shelving scheme Damaged status Not for loan Collection Home library Current library Shelving location Date acquired Total Checkouts Full call number Barcode Date last seen Price effective from Koha item type Copy number
    Dewey Decimal Classification     Fiction Footprints International School Library Network Toul Tom Poung Campus Footprints International School Library Network Toul Tom Poung Campus TTP Secondary Fiction Bookshelves 01/22/2025   PEA 304.8 PZ7.P31173 FISSE01308 01/22/2025 01/22/2025 Books  
    Dewey Decimal Classification     Fiction Footprints International School Library Network Toul Tom Poung Campus Footprints International School Library Network Toul Tom Poung Campus TTP Secondary Fiction Bookshelves 08/15/2025   PEA 304.8 PZ7.P31173 FISTK04999 08/15/2025 08/15/2025 Books 2